Photo Quiz: Musicians Named Steve - Statistics

General Stats
  • This quiz has been taken 93 times
  • The average score is 7 of 20
Answer Stats
Picture Hint Answer % Correct
USA Stevie Wonder
91%
USA Rock 70's/80's Steven Tyler
88%
USA Actor/Musician Steve Martin
76%
USA Blues Rock 1980's Stevie Ray Vaughan
53%
UK Indie 80's/90's/00's (Stephen Patrick) Morrissey
51%
UK 60's/70's Steve Winwood
48%
USA 60's/70's Stephen Stills
36%
USA Musicals (1930-2021) Stephen Sondheim
32%
UK Punk 70's/80's Steve Jones
27%
UK New Romantic/New Wave 1980's Steve Strange
26%
UK 70's Steve Harley
24%
USA 70's/80's Steve Miller
24%
USA Country Rock 80's/90's Steve Earle
20%
'Father Of American Music' (1826-1864) Stephen Foster
18%
UK 60's/70's Steve Marriott
14%
US Indie/Alt 90's Stephen Malkmus
13%
USA Alt-Rock 80's/90's Steve Albini
11%
UK Prog 70's Steve Hackett
7%
UK Canterbury Scene/Psych Rock Steve Hillage
7%
UK Punk/Goth 70's/80's Steve Severin
7%
No matching quizzes found
Score Distribution
Percent of People with Each Score
Percentile by Number Answered
Your Score History
You have not taken this quiz